Welcome to CU Library Online Public Access Catalogue (OPAC)

My magic breath : (Record no. 5013)

MARC details
000 -LEADER
fixed length control field 00876cam a22002295i 4500
001 - CONTROL NUMBER
control field 19586508
005 - DATE AND TIME OF LATEST TRANSACTION
control field 20250320141127.0
008 - FIXED-LENGTH DATA ELEMENTS--GENERAL INFORMATION
fixed length control field 170405t20182018nyua j 000 0 eng
020 ## - INTERNATIONAL STANDARD BOOK NUMBER
International Standard Book Number 9780062687760 (hardcover)
050 00 - LIBRARY OF CONGRESS CALL NUMBER
Classification number BF723.M37
Item number O78 2018
082 00 - DEWEY DECIMAL CLASSIFICATION NUMBER
Classification number 155.4/1912
Edition information 23
100 1# - MAIN ENTRY--PERSONAL NAME
Personal name Ortner, Nick,
Dates associated with a name 1978-
Relator term author.
245 10 - TITLE STATEMENT
Title My magic breath :
Remainder of title finding calm through mindful breathing /
Statement of responsibility, etc. written by Nick Ortner and Alison Taylor ; pictures by Michelle Polizzi.
250 ## - EDITION STATEMENT
Edition statement First edition.
300 ## - PHYSICAL DESCRIPTION
Extent 1 volume (unpaged) :
Other physical details color illustrations ;
Dimensions 24 cm
650 #0 - SUBJECT ADDED ENTRY--TOPICAL TERM
Topical term or geographic name entry element Meditation for children.
650 #0 - SUBJECT ADDED ENTRY--TOPICAL TERM
Topical term or geographic name entry element Breathing exercises
Form subdivision Juvenile literature.
650 #0 - SUBJECT ADDED ENTRY--TOPICAL TERM
Topical term or geographic name entry element Mindfulness (Psychology)
Form subdivision Juvenile literature.
700 1# - ADDED ENTRY--PERSONAL NAME
Personal name Taylor, Alison
Titles and other words associated with a name (Author at Hay House (Organization)),
Relator term author.
700 1# - ADDED ENTRY--PERSONAL NAME
Personal name Polizzi, Michelle,
Relator term illustrator.
942 ## - ADDED ENTRY ELEMENTS (KOHA)
Source of classification or shelving scheme Library of Congress Classification
Koha item type Books
Suppress in OPAC No
999 ## -
-- 5013
-- 5013
Holdings
Withdrawn status Lost status Source of classification or shelving scheme Damaged status Not for loan Collection Home library Current library Shelving location Date acquired Total checkouts Full call number Barcode Date last seen Copy number Price effective from Koha item type
    Library of Congress Classification     Non-fiction Undergraduate Library (Christ Temple) Undergraduate Library (Christ Temple) General stacks 03/20/2025   HD31 MAN ulct00001846 03/20/2025 1 03/20/2025 Books
© 2023-2024 Copyright: Central University Libraries. All Rights Reserved | Created by: Mahone Tech Office